000 01044nam a22002897i 4500
003 DO-SdBNP
005 20241113125415.0
007 ta
008 201119b 2017 00| 0 eng d
040 _aDO-SdBNP
_bspa
_cBNPHU
_erda
041 _aspa
082 4 _aRD861.44
_bG216a
_222
100 1 _aGarcía, Jorge Luis,
_d1957-
_eautor
_4aut.
_977329
245 1 0 _aAnsias de ti /
_cJorge Luis García ; prólogo, Amable Mejía.
264 _a[Lugar de publicación no identificado] :
_bCirculo de Escritores de Capotillo,
_c[fecha de publicación no identificada].
300 _a96 páginas ;
_c23 cm.
336 _atexto
_btxt
_2rdacontent
337 _asin mediación
_bn
_2rdamedia
338 _avolumen
_bnc
_2rdacarrier
500 _aIncluye datos biográficos del autor en la solapa de la cubierta.
590 _aInventariado, 2020 /LP
650 7 _aPoesía dominicana
_2LEMB
650 7 _aLiteratura dominicana
_2LEMB
700 1 _aMejía, Amable
_eprologuista
_4pr.
_937015
910 _aValidado. Control de calidad MFF
942 _2ddc
_cLBS1
999 _c49160
_d49160